|
|
|
|
| LEADER |
00000nab a2200000 a 4500 |
| 001 |
vtls000031460 |
| 003 |
SK-MaSNL |
| 005 |
20260304181424.0 |
| 008 |
111103c1979 xo 0 slo |
| 015 |
|
|
|a SNBRB19rr/mm-uuuuu
|
| 035 |
|
|
|a CL0041554
|
| 040 |
|
|
|a SNKBUCL
|b slo
|c SNKBUCL
|e AACR2
|
| 041 |
0 |
|
|a slo
|
| 044 |
|
|
|a xo
|c SK
|
| 080 |
|
|
|a 82:061.7:06.063:885.4
|2 1981
|
| 080 |
|
|
|a 061.7
|2 1981
|
| 080 |
|
|
|a 06.063
|2 1981
|
| 080 |
|
|
|a 885.4
|2 1981
|
| 080 |
|
|
|a 82
|2 1981
|
| 080 |
|
|
|a 07
|2 1981
|
| 080 |
|
|
|a 01.7
|2 1981
|
| 100 |
1 |
|
|a Hradiská, Nina,
|d 1944-
|4 aut
|9 113203
|
| 245 |
1 |
0 |
|a Súčasnosť na prvej priečke
|b Hodnotíme VI. festival pôvodnej slovenskej rozhlasovej hry v Piešťanoch
|c Nina Hradiská. ; Nina Hradiská
|
| 500 |
|
|
|a Ďalšie pokračovanie Pelotón problémov.
|
| 650 |
0 |
7 |
|a slovenská literatúra
|2 snkbucl
|9 1115
|
| 650 |
0 |
7 |
|a rozhlasové hry
|2 snkbucl
|9 2914
|
| 650 |
0 |
7 |
|a Festival pôvodnej slovenskej rozhlasovej hry
|d (1979 :
|c Piešťany, Slovensko)
|2 snkbucl
|9 899894
|
| 651 |
|
7 |
|a 5211
|2 snkbucl
|9 283191
|
| 651 |
|
7 |
|a Piešťany (Slovensko)
|2 snkbucl
|9 23981
|
| 655 |
|
7 |
|a články z novín a časopisov
|2 snkbucl
|9 267496
|
| 655 |
|
7 |
|a články z odboru literárna veda a krásna literatúra
|2 snkbucl
|9 770045
|
| 700 |
1 |
|
|a Hradiská, Nina,
|d 1944-
|4 aut
|9 113203
|
| 773 |
0 |
|
|t Večerník
|g Roč. 24, č. 97, 98, 99 (21. 5. 1979), s. /5/
|
| 850 |
|
|
|a Slovenská národná knižnica v Martine
|a MTA001
|
| 852 |
|
|
|a SNK
|b KIS3GCP
|
| 958 |
|
|
|a RK
|
| 958 |
|
|
|a LX
|
| 992 |
|
|
|a RBX
|
| 999 |
|
|
|c 3023933
|d 3025863
|